000 01162nam a2200325 i 4500
001 000011004
003 DO-SdBNP
005 20260527074041.0
007 ta
008 091013s1973 dr 001 0 spa d
040 _aDO-SdBNP
_bspa
_cBNPHU
_erda
041 _hspa
082 4 _a324.27293
_bC965s
_222
100 1 _aCuello H., José Israel
_96298
_d1939-
_eautor
_4aut.
245 1 0 _aSiete años de reformismo reclaman una oposición de izquierda /
_cJosé Israel Cuello H.
264 _aSanto Domingo, República Dominicana :
_bTaller,
_c1973.
300 _a175 páginas ;
_c20 cm.
336 _ardacontent
_btexto
_2txt
337 _ardamedia
_bsin mediación
_2n
338 _ardacarrier
_bvolumen
_2nc
490 0 _aBiblioteca Taller ;
_v25
500 _aIncluye índice
500 _aIncluye referencias bibliográficas y notas al pie de las páginas
590 _aInventariado, 2019/MFF
610 2 4 _aPartido Reformista República Dominicana :
_926441
650 0 _aPartidos políticos
_zRepública Dominicana
_9285
651 0 _aRepública Dominicana
_xPolítica y gobierno
_945
910 _aValidado. Control de calidad MFF
942 _2ddc
_cLBS1
999 _c10742
_d10742